000 00230nam a2200097Ia 4500
008 240625s9999 xx 000 0 und d
041 _aeng
100 _aKOTHARI RAJESH
245 _aCONTEMPORARY FINANCIAL MANAGEMENT
260 _c2005
999 _c38198
_d38198